000 01527nam a22004097a 4500
001 14083484
003 LIBRIS
005 20210501122742.0
008 130426s1986 xx |||||||||||000 1|eng|d
020 _a9780553212419
_qpocket
035 _a(BOKR)9780553212419
040 _aBOKR
_ei
_beng
_cDLC
041 _aeng
080 _a821.111
_bD-79
100 1 _aDoyle, Arthur Conan
_4aut
245 1 0 _aSherlock Holmes Vol 1
_b: The Complete Novels and Stories
_c/ by: Bantam Books
260 _aNew York
_bBantam Books
_c1986
263 _a198611
264 1 _bRandom House USA,
_c1986
300 _a1059 sidor vol. 1 924 p.
_c17.7 cm
336 _atext
_btxt
_2rdacontent
337 _aunmediated
_bn
_2rdamedia
338 _avolume
_bnc
_2rdacarrier
365 _b6.95 usd
490 0 _aShelock Holmes
520 _aSherlock Holmes The Complete Novels and Stories Volume I
650 0 _9247
_aEnglish literature
653 _aინგლისური ლიტერატურა
887 _a{"@id":"4nglh2rg367dmp0","modified":"2021-01-09T08:03:26.99+01:00","checksum":"74464507027"}
_2librisxl
887 _a{"@id":"w17sgwz23bx2cw8","modified":"2014-01-02T10:30:52+01:00","checksum":"77947149242"}
_2librisxl
887 _a{"@id":"5gpvmlh13qtz8pz2","modified":"2019-08-22T10:57:56.652+02:00","checksum":"71243243477"}
_2librisxl
942 _2udc
_cBK
999 _c1251
_d1251